| 000 | 00625nam a2200169 i 4500 | ||
|---|---|---|---|
| 001 | 182129 | ||
| 003 | ES-MaACL | ||
| 005 | 20230906221532.0 | ||
| 008 | 130619s1992 sp |||| | cat d | ||
| 100 | 0 |
_aEsteva Fabregat, Claudio. _948122 |
|
| 245 | 1 | 2 |
_aL'Exili català als països americans _b: una perspectiva antropològica / _cClaudi Esteva Fabregat. |
| 260 |
_a[S.l.] : _bComissió Amèrica i Catalunya, _c1992. |
||
| 300 |
_aP. 227-242 ; _c23 cm. |
||
| 595 | _aSeparata de: IV Jornades d'Estudis Catalano-Americans. | ||
| 650 | 4 |
_aCatalanes- _zAmérica española- _vHistoria. _9152916 |
|
| 852 |
_aES-MaACL _j2190-F-19 |
||
| 999 |
_c182129 _d182129 |
||